<?xml version="1.0" encoding="UTF-8"?>
<record
    xmlns:xsi="http://www.w3.org/2001/XMLSchema-instance"
    xsi:schemaLocation="http://www.loc.gov/MARC21/slim http://www.loc.gov/standards/marcxml/schema/MARC21slim.xsd"
    xmlns="http://www.loc.gov/MARC21/slim">

  <leader>00896nam a22002177a 4500</leader>
  <datafield tag="952" ind1=" " ind2=" ">
    <subfield code="0">0</subfield>
    <subfield code="1">0</subfield>
    <subfield code="2">ddc</subfield>
    <subfield code="4">0</subfield>
    <subfield code="7">0</subfield>
    <subfield code="8">NFIC</subfield>
    <subfield code="a">ASL</subfield>
    <subfield code="b">ASL</subfield>
    <subfield code="c">GEN</subfield>
    <subfield code="d">2021-10-31</subfield>
    <subfield code="e">Complementary</subfield>
    <subfield code="l">0</subfield>
    <subfield code="o">954.92 TAI</subfield>
    <subfield code="p">113387</subfield>
    <subfield code="r">2021-10-31 00:00:00</subfield>
    <subfield code="t">C-1</subfield>
    <subfield code="w">2021-10-31</subfield>
    <subfield code="y">BK</subfield>
  </datafield>
  <datafield tag="999" ind1=" " ind2=" ">
    <subfield code="c">27294</subfield>
    <subfield code="d">27294</subfield>
  </datafield>
  <controlfield tag="003">ASL</controlfield>
  <controlfield tag="005">20231015030741.0</controlfield>
  <controlfield tag="008">170614s2018    bg abc|| |||| 001 0 b    </controlfield>
  <datafield tag="040" ind1=" " ind2=" ">
    <subfield code="a">ASL</subfield>
    <subfield code="c">ASL</subfield>
  </datafield>
  <datafield tag="082" ind1=" " ind2=" ">
    <subfield code="a">954.92</subfield>
    <subfield code="b">TAI</subfield>
  </datafield>
  <datafield tag="100" ind1="1" ind2=" ">
    <subfield code="a">&#x9A4;&#x9BE;&#x9B2;&#x9C1;&#x995;&#x9A6;&#x9BE;&#x9B0;, &#x9B6;&#x9AB;&#x9BF;&#x989;&#x9A6;&#x9CD;&#x9A6;&#x9BF;&#x9A8;</subfield>
    <subfield code="9">1079</subfield>
  </datafield>
  <datafield tag="245" ind1="1" ind2="0">
    <subfield code="a">&#x987;&#x9A4;&#x9BF;&#x9B9;&#x9BE;&#x9B8; &#x9B8;&#x9AE;&#x9BE;&#x99C; &#x993; &#x9B8;&#x982;&#x9B8;&#x9CD;&#x995;&#x9C3;&#x9A4;&#x9BF; /</subfield>
  </datafield>
  <datafield tag="246" ind1=" " ind2=" ">
    <subfield code="a">Itihas Samaj O Sanskriti </subfield>
  </datafield>
  <datafield tag="260" ind1=" " ind2=" ">
    <subfield code="a">&#x9A2;&#x9BE;&#x995;&#x9BE;:</subfield>
    <subfield code="b">&#x995;&#x9A5;&#x9BE; &#x9AA;&#x9CD;&#x9B0;&#x995;&#x9BE;&#x9B6;, </subfield>
    <subfield code="c">&#x9E8;&#x9E6;&#x9E7;&#x9EE;&#x964; </subfield>
  </datafield>
  <datafield tag="300" ind1=" " ind2=" ">
    <subfield code="a">&#x9E7;&#x9EC;&#x9E6; &#x9AA;&#x9C3;&#x9B7;&#x9CD;&#x9A0;&#x9BE;, : </subfield>
    <subfield code="c">&#x9E8;&#x9E8; &#x9B8;&#x9C7;.&#x9AE;&#x9BF;. </subfield>
  </datafield>
  <datafield tag="500" ind1=" " ind2=" ">
    <subfield code="a">&#x997;&#x9CD;&#x9B0;&#x9A8;&#x9CD;&#x9A5;&#x9AA;&#x99E;&#x9CD;&#x99C;&#x9BF; &#x9B8;&#x982;&#x9AF;&#x9C1;&#x995;&#x9CD;&#x9A4; &#x964;</subfield>
  </datafield>
  <datafield tag="650" ind1=" " ind2="0">
    <subfield code="a">History (&#x987;&#x9A4;&#x9BF;&#x9B9;&#x9BE;&#x9B8;)</subfield>
    <subfield code="9">4586</subfield>
  </datafield>
  <datafield tag="650" ind1=" " ind2="0">
    <subfield code="a">&#x9B8;&#x982;&#x9B8;&#x9CD;&#x995;&#x9C3;&#x9A4;&#x9BF;</subfield>
    <subfield code="9">1078</subfield>
    <subfield code="x">&#x9AC;&#x9BE;&#x982;&#x9B2;&#x9BE;&#x9A6;&#x9C7;&#x9B6;&#x9C7;&#x9B0; &#x9B8;&#x9AE;&#x9BE;&#x99C; &#x9AC;&#x9CD;&#x9AF;&#x9AC;&#x9B8;&#x9CD;&#x9A5;&#x9BE; </subfield>
    <subfield code="x">&#x986;&#x99A;&#x9BE;&#x9B0;-&#x985;&#x9A8;&#x9C1;&#x9B7;&#x9CD;&#x9A0;&#x9BE;&#x9A8;</subfield>
  </datafield>
  <datafield tag="650" ind1=" " ind2="0">
    <subfield code="a">Education</subfield>
    <subfield code="9">1210</subfield>
  </datafield>
  <datafield tag="942" ind1=" " ind2=" ">
    <subfield code="2">ddc</subfield>
    <subfield code="c">BK</subfield>
  </datafield>
</record>
